书目信息 |
| 题名: |
社会主义从空想到科学的发展
|
|
| 作者: | 恩格斯 著 ;中共中央马克思恩格斯列宁斯大林著作编译局 译 | |
| 分册: | ||
| 出版信息: | 北京 人民出版社 1991.10 |
|
| 页数: | 95页 | |
| 开本: | 20cm | |
| 丛书名: | ||
| 单 册: | ||
| 中图分类: | A124 | |
| 科图分类: | 03.3 | |
| 主题词: | 科学社会主义理论-恩格斯著作 , 恩格斯著作-科学社会主义理论 | |
| 电子资源: | ||
| ISBN: | ||
| 000 | 00966nam0 2200265 45 | |
| 001 | 0193016549 | |
| 005 | 20060722092711.06 | |
| 010 | @dCNY0.19 | |
| 100 | @a19800101d1991 emky0chiy0121 ea | |
| 101 | 0 | @achi@cger |
| 102 | @aCN@b110000 | |
| 105 | @ay z 000yy | |
| 200 | 10 | @a社会主义从空想到科学的发展@ASHE HUI ZHU YI CONG KONG XIANG DAO KE XUE DE FA ZHAN@f(德)恩格斯著@F( DE ) EN GE SI ZHU@g中共中央马克思恩格斯列宁斯大林著作编译局译 |
| 205 | @a2版 | |
| 210 | @a北京@c人民出版社@d1991.10@h1992.9印 | |
| 215 | @a95页@d20cm | |
| 540 | 1 | @a社会主义 空想 科学@ASHE HUI ZHU YI KONG XIANG KE XUE |
| 606 | @a科学社会主义理论-恩格斯著作 | |
| 606 | @a恩格斯著作-科学社会主义理论 | |
| 690 | @aA124@v三版 | |
| 692 | @a03.3 | |
| 701 | 0 | @a恩格斯@AEN GE SI@4著 |
| 712 | 02 | @a中共中央马克思恩格斯列宁斯大林著作编译局@AZHONG GONG ZHONG YANG MA KE SI EN GE SI LIE NING SI DA LIN ZHU ZUO BIAN YI JU@4译 |
| 801 | 0 | @aCN@bTSSF@c20060722 |
| 905 | @a10447@dA124@e31 | |
| 社会主义从空想到科学的发展/(德)恩格斯著/中共中央马克思恩格斯列宁斯大林著作编译局译.-2版.-北京:人民出版社,1991.10(1992.9印) |
| 95页;20cm |
| ISBN :CNY0.19 |
| ● |
| 相关链接 |
|
|
|
|
正题名:社会主义从空想到科学的发展
索取号:A124/31
 
预约/预借
| 序号 | 登录号 | 条形码 | 馆藏地/架位号 | 状态 | 备注 |
| 1 | 0425534 | 204255340 | 第一样本阅览室/ [索取号:A124/31] | 在馆 |